Towns of the Old West - Statistics

General Stats
  • This quiz has been taken 24 times
  • The average score is 9 of 20
Answer Stats
Clue State Town % Correct
Get out of this town that was the setting of Gunsmoke KS Dodge City
83%
Where Brigham Young said "this is the place" UT Salt Lake City
78%
Where the Lewis and Clark expedition began MO St. Louis
78%
Davy Crockett and William Travis died defending the Alamo here TX San Antonio
72%
The hub of the California Gold Rush CA San Francisco
72%
The site of the Shootout at the O.K. Corral AZ Tombstone
72%
The oldest state capital and former capital of New Mexico Territory NM Santa Fe
67%
The largest city founded after an 1889 land rush OK Oklahoma City
61%
The site of the Black Hills Gold Rush, which later inspired an HBO series SD Deadwood
56%
It lent its name to Harry Longabaugh, AKA the "________ Kid" WY Sundance
44%
"Rodeo Capital of the World" that is named for Buffalo Bill WY Cody
39%
Where the Oregon Trail began MO Independence
39%
Gold was found at Sutter's Mill, near here, in 1848 CA Sacramento
39%
Capital of the newly-sold Department of Alaska AK Sitka
33%
Nevada silver mining town centered around the Comstock Lode NV Virginia City
28%
Oregon Territory's first settlement OR Astoria
22%
Kansas town where the old Chisholm Trail ended KS Abilene
17%
America's highest city, the site of an 1896 miner's strike CO Leadville
17%
Mining town that now has wild burros roaming its streets AZ Oatman
11%
Where Billy the Kid was gunned down in 1881 NM Fort Sumner
6%
No matching quizzes found
Score Distribution
Percent of People with Each Score
Percentile by Number Answered
Your Score History
You have not taken this quiz